| 000 | 01195nam a22003017i 4500 | ||
|---|---|---|---|
| 003 | EG-ScBUE | ||
| 005 | 20221124102914.0 | ||
| 008 | 220731s1994 ua f b 000 0 ara d | ||
| 017 | _a94 / 8572 | ||
| 020 | _a977235232X | ||
| 040 |
_aEG-ScBUE _bara _erda _cEG-ScBUE _dEG-ScBUE |
||
| 082 | 0 | 4 |
_222 _a892.71609 _bش و م |
| 100 | 1 |
_aشومان، مسعود، _eمؤلف. |
|
| 245 | 1 | 2 |
_aالخطاب الشعري في الموال : _bدراسة تحليلية في تشكيل النماذج الإنسانية / _cمسعود شومان. |
| 264 | 1 |
_aالقاهرة : _bالهيئة العامة لقصور الثقافة، _c1994. |
|
| 300 |
_a231 صفحة ؛ _c20 سم. |
||
| 336 |
_2rdacontent _aنص _btxt |
||
| 337 |
_2rdamedia _aبدون وسيط _bn |
||
| 338 |
_2rdacarrier _aمجلد _bnc |
||
| 490 | 0 |
_aمكتبة الشباب ؛ _v24 |
|
| 504 | _aيشتمل على إرجاعات ببليوجرافية. | ||
| 541 | _aBook from store. | ||
| 650 | 7 |
_aالشعر العربي _xتاريخ ونقد. _2BUEsh |
|
| 650 | 7 |
_aالشعر العربي _xتاريخ _yالعصر الحديث. _2BUEsh |
|
| 653 |
_bARALIT _cNovember2022 |
||
| 655 | _vReading book | ||
| 942 | _2ddc | ||
| 999 |
_c30027 _d29998 |
||